000 00273nam a22001097a 4500
082 _a811.214.21
_bSAS
100 _aSASIKUMAR, J
245 _aLet us learn Hindi (Swayam prasikshan kit) (Hindi)
260 _aHyderabad
_bGita Prakashan
_c2015
300 _a167p.
942 _cBK
999 _c74979
_d74979